000 00620nam a2200241Ia 4500
003 OSt
005 20220918201239.0
006 a|||||r|||| 00| 0
007 ta
008 220917b |||||||| |||| 00| 0 eng d
024 _a92,607
037 _cTextual
040 _aARTS
_cARTS
_beng
041 _2eng
_aeng
082 _aV1,4:(G)z7, M0
100 _aLawson K
_997660
245 0 _aPolitical parties and linkage
260 _aN Haven
_band London Yale Univ
_c1980
300 _a410p.
_ccm.
650 _aHISTORY
942 _hV1,4:(G)z7, M0
_cTEXL
_2CC
999 _c216258
_d216258